[Event "Wattenscheid - Kreuzberg"]
[Site "BL 0203"]
[Date "2002.11.17"]
[Round "4.1"]
[White "Almasi, Zoltan"]
[Black "Aronian, Levon"]
[Result "0-1"]
[WhiteElo "2672"]
[BlackElo "2581"]
[PlyCount "102"]
[EventDate "2002.??.??"]

1. e4 e5 2. Nf3 Nc6 3. Bb5 Nf6 4. O-O Nxe4 5. d4 Nd6 6. Bxc6 dxc6 7. dxe5 Nf5
8. Qxd8+ Kxd8 9. Nc3 Ke8 10. h3 Be7 11. Bf4 Be6 12. a3 Rd8 13. Rad1 h6 14. g4
Nh4 15. Rxd8+ Bxd8 16. Nd4 Bd7 17. Ne4 b6 18. c4 h5 19. f3 Ng6 20. Bg3 Nf8 21.
Rd1 Ne6 22. Ne2 Ng5 23. Nxg5 Bxg5 24. Kf2 Be7 25. Nf4 g6 26. Kg2 Bg5 27. Ne2
Be7 28. a4 Rg8 29. b3 Kd8 30. Bf4 Kc8 31. Ng3 Bh4 32. Kh2 c5 33. Ne4 Bc6 34. g5
Rd8 35. Rxd8+ Kxd8 36. Kg2 Kd7 37. e6+ Kxe6 38. Bxc7 Bxe4 39. fxe4 Bxg5 40. Bb8
Bd8 41. Kf3 a5 42. Bg3 g5 43. Bh2 f5 44. exf5+ Kxf5 45. Bd6 g4+ 46. hxg4+ hxg4+
47. Ke2 Ke4 48. Bg3 Kd4 49. Kd2 Bg5+ 50. Kc2 Ke4 51. Bc7 Be3 0-1

[Event "Wattenscheid - Kreuzberg"]
[Site "BL 0203"]
[Date "2002.11.17"]
[Round "4.2"]
[White "Rustemov, Alexander"]
[Black "Nisipeanu, Liviu-Dieter"]
[Result "1/2-1/2"]
[WhiteElo "2597"]
[BlackElo "2613"]
[PlyCount "52"]
[EventDate "2002.??.??"]

1. d4 Nf6 2. c4 e6 3. g3 c5 4. Nf3 cxd4 5. Nxd4 Nc6 6. Bg2 Qb6 7. Nb3 Bb4+ 8.
Nc3 Ne5 9. c5 Bxc5 10. Nxc5 Qxc5 11. O-O d5 12. e4 Nxe4 13. Nxe4 dxe4 14. Bxe4
O-O 15. Bf4 f5 16. Rc1 Qb5 17. Bg2 Nd3 18. a4 Qa6 19. Rc7 e5 20. Qb3+ Be6 21.
Qc3 Rac8 22. Bxe5 Nxe5 23. Qxe5 Rxc7 24. Qxc7 Qxa4 25. Bxb7 Qb4 26. Qe5 Qxb7
1/2-1/2

[Event "Wattenscheid - Kreuzberg"]
[Site "BL 0203"]
[Date "2002.11.17"]
[Round "4.3"]
[White "Tischbierek, Raj"]
[Black "De Vreugt, Dennis"]
[Result "1-0"]
[WhiteElo "2523"]
[BlackElo "2501"]
[PlyCount "55"]
[EventDate "2002.??.??"]

1. e4 e5 2. Bc4 Nf6 3. d3 c6 4. Nf3 Be7 5. O-O d6 6. c3 O-O 7. Bb3 Nbd7 8. Nbd2
b6 9. Re1 Bb7 10. Nf1 Re8 11. Ng3 Bf8 12. d4 g6 13. Ng5 d5 14. f4 exf4 15. Bxf4
h6 16. Nxf7 Kxf7 17. e5 Ba6 18. Qf3 Bg7 19. exf6 Nxf6 20. Be5 Qd7 21. Re4 Re6
22. Rf4 Rf8 23. Bc2 Qe8 24. Rg4 g5 25. Nf5 Kg8 26. Nxg7 Nxg4 27. Qxg4 Ref6 28.
Nf5 1-0

[Event "Wattenscheid - Kreuzberg"]
[Site "BL 0203"]
[Date "2002.11.17"]
[Round "4.5"]
[White "Maiwald, Jens-Uwe"]
[Black "Handke, Florian"]
[Result "1/2-1/2"]
[WhiteElo "2516"]
[BlackElo "2504"]
[PlyCount "100"]
[EventDate "2002.??.??"]

1. e4 c5 2. Nc3 Nc6 3. Bb5 Nd4 4. Bc4 e6 5. Nf3 Ne7 6. O-O Nec6 7. d3 Be7 8.
Nxd4 cxd4 9. Ne2 O-O 10. a3 f5 11. exf5 Rxf5 12. Ng3 Rf7 13. Bd2 d5 14. Bb3 Bd7
15. f4 Bd6 16. f5 Qh4 17. fxe6 Bxe6 18. Rxf7 Bxf7 19. Nf1 Re8 20. Qf3 Ne5 21.
Qg3 Qxg3 22. Nxg3 Ng4 23. Re1 Ne3 24. Bxe3 Bxg3 25. hxg3 dxe3 26. d4 g5 27. c3
Kg7 28. Bd1 h5 29. g4 h4 30. Bf3 Kf6 31. Kf1 Re7 32. Ke2 a5 33. Rf1 Kg7 34. Rd1
Kf6 35. Rd3 b6 36. Rxe3 Rxe3+ 37. Kxe3 Ke6 38. Be2 Kd6 39. Bd3 Be6 40. Kf3 Bd7
41. g3 h3 42. Bf1 h2 43. Kg2 Ba4 44. Kxh2 Kc6 45. Bd3 Bb3 46. Kg2 b5 47. Kf2 a4
48. Ke1 Kb6 49. Kd2 Ka6 50. Bc2 Ka5 1/2-1/2

[Event "Wattenscheid - Kreuzberg"]
[Site "BL 0203"]
[Date "2002.11.17"]
[Round "4.6"]
[White "Holzke, Frank"]
[Black "Kalinitschew, Sergey"]
[Result "1/2-1/2"]
[WhiteElo "2479"]
[BlackElo "2485"]
[PlyCount "91"]
[EventDate "2002.??.??"]

1. e4 c5 2. Nf3 Nc6 3. d4 cxd4 4. Nxd4 e5 5. Nb5 d6 6. c4 Be7 7. Bd3 Be6 8.
N1c3 a6 9. Na3 Bg5 10. O-O Bxc1 11. Rxc1 Nf6 12. Nc2 O-O 13. Qd2 Qb6 14. Rfd1
Rfd8 15. h3 Rac8 16. Bf1 h6 17. b3 Kf8 18. g3 Kg8 19. Bg2 Qa7 20. Nd5 Bxd5 21.
exd5 Ne7 22. Ne3 a5 23. Kh2 Nd7 24. Rf1 Re8 25. h4 Nc5 26. Bh3 Rc7 27. Bf5 Qb6
28. f4 exf4 29. Rxf4 Ng6 30. Bxg6 fxg6 31. Nc2 Rce7 32. Nd4 Ne4 33. Qd3 g5 34.
hxg5 hxg5 35. Rf3 Qb4 36. Ne6 Nc5 37. Nxc5 Qxc5 38. Rcf1 Re2+ 39. Kh1 Qc8 40.
Rf8+ Rxf8 41. Rxf8+ Kxf8 42. Qxe2 Qh3+ 43. Qh2 Qf1+ 44. Qg1 Qh3+ 45. Qh2 Qf1+
46. Qg1 1/2-1/2

[Event "Wattenscheid - Kreuzberg"]
[Site "BL 0203"]
[Date "2002.11.17"]
[Round "4.7"]
[White "Muse, Drazen"]
[Black "Ellers, Holger"]
[Result "1-0"]
[WhiteElo "2442"]
[BlackElo "2425"]
[PlyCount "67"]
[EventDate "2002.??.??"]

1. Nf3 Nf6 2. c4 e6 3. Nc3 d5 4. d4 Bb4 5. e3 O-O 6. Bd3 c5 7. O-O Nc6 8. a3
Bxc3 9. bxc3 dxc4 10. Bxc4 Qc7 11. a4 b6 12. Qe2 e5 13. h3 Bb7 14. Ba3 Rfe8 15.
dxc5 bxc5 16. Ng5 Nd8 17. Bb5 Rf8 18. Rfd1 e4 19. h4 h6 20. Nh3 Ne6 21. Bc4
Rfe8 22. Rab1 Bc6 23. Bb5 Rad8 24. c4 h5 25. Bb2 Ng4 26. g3 Bxb5 27. axb5 Rxd1+
28. Rxd1 Rd8 29. Rd5 g6 30. Kg2 Qe7 31. Qd2 Kh7 32. Qc3 f5 33. Ng5+ Nxg5 34.
Rxd8 1-0

[Event "Plauen - Luebeck"]
[Site "BL 0203"]
[Date "2002.11.17"]
[Round "4.1"]
[White "Epishin, Vladimir"]
[Black "Bischoff, Klaus"]
[Result "1/2-1/2"]
[WhiteElo "2628"]
[BlackElo "2554"]
[PlyCount "48"]
[EventDate "2002.??.??"]

1. d4 e6 2. c4 Nf6 3. Nc3 Bb4 4. e3 O-O 5. Bd3 d5 6. Nf3 b6 7. O-O Bb7 8. cxd5
exd5 9. Rb1 Nbd7 10. Ne2 Bd6 11. b4 a6 12. a4 c6 13. Ng3 g6 14. Bd2 Re8 15. Qc2
b5 16. a5 Qe7 17. Bc3 Ne4 18. Bxe4 dxe4 19. Nd2 f5 20. Qa2+ Qf7 21. Qxf7+ Kxf7
22. Nb3 Nf6 23. Nc5 Bc8 24. Rfc1 Be6 1/2-1/2

[Event "Plauen - Luebeck"]
[Site "BL 0203"]
[Date "2002.11.17"]
[Round "4.2"]
[White "Kindermann, Stefan"]
[Black "Fressinet, Laurent"]
[Result "0-1"]
[WhiteElo "2519"]
[BlackElo "2619"]
[PlyCount "126"]
[EventDate "2002.??.??"]

1. e4 e5 2. Nf3 Nc6 3. Nc3 Nf6 4. g3 d5 5. exd5 Nxd5 6. Bg2 Nxc3 7. bxc3 Bd6 8.
O-O O-O 9. Re1 Bg4 10. h3 Bh5 11. d4 exd4 12. cxd4 Re8 13. Rxe8+ Qxe8 14. c3
Na5 15. Bd2 Nc4 16. Be1 Na5 17. a4 Bg6 18. Rc1 Ba3 19. Ra1 Bd6 20. Rc1 Nc4 21.
Nh4 Be4 22. Bxe4 Qxe4 23. Qf3 Re8 24. Qxe4 Rxe4 25. Kf1 Be7 26. Nf3 Re6 27. Nd2
Nb2 28. Rb1 Nd3 29. Nf3 Rb6 30. Rxb6 axb6 31. Ke2 Nb2 32. Kd2 Nxa4 33. c4 c6
34. Kc2 f6 35. Kb3 b5 36. cxb5 cxb5 37. Ba5 Kf7 38. Ne1 Ke6 39. Nc2 Kd5 40. f3
Bd6 41. g4 Kc6 42. Ne3 Nb6 43. Bxb6 Kxb6 44. h4 Kc6 45. h5 g6 46. hxg6 hxg6 47.
Kc3 Bc7 48. Kd3 Kd6 49. f4 Kc6 50. f5 g5 51. Nd1 b4 52. Kc4 Bb6 53. Nf2 b3 54.
Nd3 Kd6 55. Nb2 Ba7 56. Nd3 Bb6 57. Nb2 Ba7 58. Nd3 b5+ 59. Kxb3 Kd5 60. Nb4+
Ke4 61. d5 Bc5 62. Kc3 Bd6 63. Nc6 Kxd5 0-1

[Event "Plauen - Luebeck"]
[Site "BL 0203"]
[Date "2002.11.17"]
[Round "4.5"]
[White "Hansen, Lars Bo"]
[Black "Haskamp, Stefan"]
[Result "1/2-1/2"]
[WhiteElo "2574"]
[BlackElo "2318"]
[PlyCount "49"]
[EventDate "2002.??.??"]

1. c4 g6 2. Nc3 Bg7 3. g3 c5 4. Bg2 Nc6 5. e3 e6 6. Nge2 Nge7 7. O-O O-O 8. d4
cxd4 9. Nxd4 Nxd4 10. exd4 Nf5 11. d5 Rb8 12. Qd3 a6 13. a4 e5 14. d6 b6 15. h4
Bb7 16. Bg5 Qc8 17. Bxb7 Qxb7 18. Nd5 Rfe8 19. Rfe1 Re6 20. Be7 Qc6 21. Ra3 Nd4
22. Nb4 Qa8 23. Nd5 Qc6 24. Nb4 Qa8 25. Nd5 1/2-1/2

[Event "Plauen - Luebeck"]
[Site "BL 0203"]
[Date "2002.11.17"]
[Round "4.6"]
[White "Dirr, Ulrich"]
[Black "Conquest, Stuart"]
[Result "0-1"]
[WhiteElo "2322"]
[BlackElo "2537"]
[PlyCount "126"]
[EventDate "2002.??.??"]

1. e4 c5 2. Nf3 e6 3. b3 a6 4. d4 cxd4 5. Nxd4 Nf6 6. Bd3 Bc5 7. c3 d6 8. O-O
Nbd7 9. Nd2 O-O 10. Bb2 Ne5 11. Bc2 Bd7 12. Kh1 Rc8 13. a4 Re8 14. Rc1 b5 15.
axb5 axb5 16. Qe2 Ng6 17. c4 b4 18. Qf3 Qb6 19. Ne2 e5 20. h3 h5 21. Rcd1 Kh7
22. Nc1 Nf4 23. Nd3 Nxd3 24. Bxd3 Rh8 25. Qe2 Kg8 26. Nf3 Re8 27. Bb1 Qb7 28.
Nh4 Qc8 29. f4 Qd8 30. fxe5 Ng4 31. Qf3 Rf8 32. Qg3 Qg5 33. Nf5 Bxf5 34. Rxf5
Qe3 35. Qf3 Rh6 36. Bc1 Qxf3 37. Rxf3 Nxe5 38. Bxh6 Nxf3 39. Bf4 Ne5 40. Bxe5
dxe5 41. Rd5 Bd4 42. Ra5 Rc8 43. g3 Rc6 44. Kg2 Rf6 45. Ra8+ Kh7 46. Ra2 g5 47.
Rd2 Kh6 48. Bc2 g4 49. hxg4 hxg4 50. Bd1 Kg5 51. Ra2 Bc5 52. Rd2 Be3 53. Rc2
Rd6 54. Be2 Bc5 55. Ra2 f5 56. exf5 Kxf5 57. Ra5 Be3 58. Rb5 Rd2 59. Kf1 Ke4
60. Rxb4 Bc5 61. Rb5 Bd4 62. c5 Rc2 63. Bc4 Kf3 0-1

[Event "Plauen - Luebeck"]
[Site "BL 0203"]
[Date "2002.11.17"]
[Round "4.7"]
[White "Hector, Jonny"]
[Black "Sandner, Gunter"]
[Result "1-0"]
[WhiteElo "2590"]
[BlackElo "2323"]
[PlyCount "43"]
[EventDate "2002.??.??"]

1. d4 e6 2. e4 c5 3. Nf3 cxd4 4. Nxd4 Nf6 5. Nc3 Nc6 6. Nxc6 bxc6 7. e5 Nd5 8.
Ne4 f5 9. Nd2 Qa5 10. c3 Nxc3 11. bxc3 Qxc3 12. Rb1 Qxe5+ 13. Be2 Ba6 14. Bb2
Qxe2+ 15. Qxe2 Bxe2 16. Kxe2 Rg8 17. Nc4 d6 18. Ba3 O-O-O 19. Rb3 e5 20. Rd1 c5
21. Rbd3 Kc7 22. Bxc5 1-0

[Event "Plauen - Luebeck"]
[Site "BL 0203"]
[Date "2002.11.17"]
[Round "4.8"]
[White "Hilbig, Olaf"]
[Black "Agdestein, Simen"]
[Result "0-1"]
[WhiteElo "2217"]
[BlackElo "2578"]
[PlyCount "64"]
[EventDate "2002.??.??"]

1. Nc3 c5 2. e4 Nc6 3. Nf3 d6 4. d4 cxd4 5. Nxd4 Nf6 6. Be2 e5 7. Nb3 Be7 8.
Be3 O-O 9. g4 Be6 10. g5 Nd7 11. Qd2 a5 12. a4 Bxb3 13. cxb3 Nd4 14. Bxd4 exd4
15. Qxd4 Nc5 16. Bc4 Bxg5 17. Rd1 Bf4 18. Kf1 Qh4 19. f3 Qh3+ 20. Ke2 Kh8 21.
Rdg1 Be5 22. Qe3 Rae8 23. Nd1 Qc8 24. Nc3 f5 25. Bd5 Ne6 26. Rc1 fxe4 27. Nxe4
Qd7 28. Bxe6 Qxe6 29. Qd3 d5 30. Ng5 Qh6 31. Qe3 Qxg5 32. Qxg5 Bf4+ 0-1

[Event "Erfurt - Hamburg"]
[Site "BL 0203"]
[Date "2002.11.17"]
[Round "4.1"]
[White "Dorfman, Jossif D"]
[Black "Haba, Petr"]
[Result "1-0"]
[WhiteElo "2617"]
[BlackElo "2534"]
[PlyCount "113"]
[EventDate "2002.??.??"]

1. e4 e5 2. Nf3 Nc6 3. Bc4 Nf6 4. d3 Be7 5. O-O O-O 6. Re1 d6 7. c3 Na5 8. Bb5
a6 9. Ba4 b5 10. Bc2 c5 11. Nbd2 Re8 12. d4 Bf8 13. d5 c4 14. b4 Nb7 15. a4 Bd7
16. a5 g6 17. Nf1 Nh5 18. Bg5 f6 19. Be3 Qe7 20. Qd2 Nd8 21. h3 Nf7 22. g4 Ng7
23. Ng3 Qd8 24. Kh2 Qc8 25. Rg1 Kh8 26. Rg2 Be7 27. Rh1 Rg8 28. Bb1 Bd8 29. Ng1
Bc7 30. f3 Bb8 31. Qf2 Qb7 32. f4 Ba7 33. Bxa7 Qxa7 34. fxe5 Nxe5 35. Nf3 Rgf8
36. Rf1 Kg8 37. Qxa7 Rxa7 38. Rgf2 Raa8 39. Nd4 Bxg4 40. hxg4 Nxg4+ 41. Kg2
Nxf2 42. Rxf2 Rae8 43. Nge2 Rf7 44. Nf4 Re5 45. Bc2 Rg5+ 46. Kf1 Nh5 47. Nfe6
Rg4 48. Bd1 Rh4 49. Kg2 Ng7 50. Bf3 f5 51. Kg3 Rh6 52. exf5 Nxf5+ 53. Nxf5 gxf5
54. Kf4 Rh4+ 55. Ke3 h6 56. Nd4 Rh3 57. Kf4 1-0

[Event "Erfurt - Hamburg"]
[Site "BL 0203"]
[Date "2002.11.17"]
[Round "4.2"]
[White "Kuczynski, Robert"]
[Black "Ftacnik, Lubomir"]
[Result "1/2-1/2"]
[WhiteElo "2490"]
[BlackElo "2603"]
[PlyCount "99"]
[EventDate "2002.??.??"]

1. e4 c5 2. Nf3 d6 3. d4 cxd4 4. Nxd4 Nf6 5. Nc3 a6 6. Be2 e6 7. O-O Be7 8. f4
Qc7 9. Kh1 O-O 10. a4 Nc6 11. Be3 Re8 12. Bf3 Na5 13. g4 Bf8 14. g5 Nd7 15. Bg2
Nc4 16. Bc1 b6 17. Rf3 Bb7 18. b3 Na5 19. Rh3 g6 20. Ba3 Rad8 21. Qe1 Bg7 22.
Rd1 Nf8 23. Nde2 Bc8 24. Rhd3 Nb7 25. Qd2 h6 26. gxh6 Bxh6 27. Bxd6 Nxd6 28.
Rxd6 Rxd6 29. Qxd6 Re7 30. e5 Rd7 31. Qxc7 Rxc7 32. Rd4 Nd7 33. h4 Bf8 34. Kh2
Ba3 35. Bf3 Bb2 36. Rd3 Kf8 37. Kg3 Ke7 38. Nd1 Rxc2 39. Nxb2 Rxb2 40. Nd4 Nb8
41. Rc3 Bd7 42. Rc7 Rd2 43. Ne2 a5 44. Rb7 Na6 45. Rxb6 Nc5 46. b4 Nxa4 47. Rb7
axb4 48. Rxb4 Nc5 49. Rc4 Bb5 50. Rxc5 1/2-1/2

[Event "Erfurt - Hamburg"]
[Site "BL 0203"]
[Date "2002.11.17"]
[Round "4.3"]
[White "Kempinski, Robert"]
[Black "Casper, Thomas"]
[Result "1/2-1/2"]
[WhiteElo "2532"]
[BlackElo "2391"]
[PlyCount "84"]
[EventDate "2002.??.??"]

1. d4 Nf6 2. c4 d6 3. Nf3 Nbd7 4. Nc3 e5 5. e4 g6 6. Bg5 h6 7. Be3 Bg7 8. d5
Nc5 9. Qc2 Ng4 10. Bxc5 dxc5 11. Be2 Qe7 12. O-O O-O 13. a3 Nf6 14. Rab1 a5 15.
Ne1 Bd7 16. Nd3 a4 17. Rbe1 Ne8 18. Qd1 b6 19. Bg4 Bxg4 20. Qxg4 Nd6 21. Qd1
Qd7 22. Qe2 Qe7 23. Qc2 Qd7 24. Nb1 Rfe8 25. Nd2 Re7 26. Nc1 h5 27. Ne2 Bh6 28.
Nb1 Qc8 29. f4 exf4 30. Nxf4 Qg4 31. Nd3 Rae8 32. Nc3 Bg7 33. Qxa4 Bxc3 34.
bxc3 Nxe4 35. Nf2 Nxf2 36. Qxe8+ Rxe8 37. Rxe8+ Kg7 38. Rxf2 Qxc4 39. Re7 Qxd5
40. Rxc7 h4 41. a4 h3 42. gxh3 Qg5+ 1/2-1/2

[Event "Erfurt - Hamburg"]
[Site "BL 0203"]
[Date "2002.11.17"]
[Round "4.4"]
[White "Mueller, Matthias"]
[Black "Gustafsson, Jan"]
[Result "1/2-1/2"]
[WhiteElo "2403"]
[BlackElo "2554"]
[PlyCount "40"]
[EventDate "2002.??.??"]

1. e4 c6 2. d4 d5 3. Nc3 dxe4 4. Nxe4 Bf5 5. Ng3 Bg6 6. h4 h6 7. Nf3 Nd7 8. h5
Bh7 9. Bd3 Bxd3 10. Qxd3 e6 11. Bf4 Ngf6 12. O-O-O Be7 13. c4 Qa5 14. Kb1 O-O
15. Ne5 Rad8 16. Qe2 Rfe8 17. Ne4 Nxe4 18. Qxe4 Nxe5 19. dxe5 Rxd1+ 20. Rxd1
Rd8 1/2-1/2

[Event "Erfurt - Hamburg"]
[Site "BL 0203"]
[Date "2002.11.17"]
[Round "4.5"]
[White "Wahls, Matthias"]
[Black "Enders, Peter"]
[Result "1-0"]
[WhiteElo "2539"]
[BlackElo "2524"]
[PlyCount "45"]
[EventDate "2002.??.??"]

1. c4 e5 2. Nc3 Nc6 3. g3 g6 4. Bg2 Bg7 5. e4 Nge7 6. Nge2 Nd4 7. Nxd4 exd4 8.
Ne2 d6 9. d3 a6 10. h3 h5 11. b4 O-O 12. a4 Rb8 13. a5 b6 14. axb6 c5 15. bxc5
dxc5 16. b7 Bxb7 17. Bf4 Ra8 18. Qb3 Ra7 19. Qa3 Qb6 20. O-O Rc8 21. Rfb1 Qe6
22. Bd2 Bf8 23. Ba5 1-0

[Event "Erfurt - Hamburg"]
[Site "BL 0203"]
[Date "2002.11.17"]
[Round "4.6"]
[White "Brueggemann, Joachim"]
[Black "Mueller, Karsten"]
[Result "0-1"]
[WhiteElo "2412"]
[BlackElo "2518"]
[PlyCount "94"]
[EventDate "2002.??.??"]

1. e4 c5 2. Nf3 e6 3. d4 cxd4 4. Nxd4 Nc6 5. Nb5 d6 6. c4 Nf6 7. N1c3 a6 8. Na3
Be7 9. Be2 O-O 10. O-O b6 11. Be3 Bb7 12. Qb3 Nd7 13. Rad1 Qc7 14. Na4 Bd8 15.
f4 Nc5 16. Nxc5 bxc5 17. e5 dxe5 18. Bxc5 Nd4 19. Bxd4 exd4 20. Qd3 Qb6 21. Nc2
Be4 22. Qxe4 d3+ 23. Rf2 dxe2 24. Qxe2 Qxb2 25. Ne1 Qb4 26. Rf3 Bb6+ 27. Kh1
Qc5 28. Qf1 Rfd8 29. Rc1 Rd2 30. Nd3 Qd4 31. a3 a5 32. c5 Bc7 33. c6 Qd5 34. h3
Rd8 35. Ne5 Rd1 36. Rxd1 Qxd1 37. Nd7 Qc2 38. Qa6 Qc1+ 39. Rf1 Qxa3 40. Qb7 Qd6
41. Rf3 h6 42. h4 a4 43. Ne5 Rb8 44. Qa7 Qd8 45. Qf2 Rb3 46. Nd7 Rxf3 47. gxf3
Qa8 0-1

[Event "Erfurt - Hamburg"]
[Site "BL 0203"]
[Date "2002.11.17"]
[Round "4.8"]
[White "Fiedler, Torsten"]
[Black "Michaelsen, Nils"]
[Result "1/2-1/2"]
[WhiteElo "2286"]
[BlackElo "2440"]
[PlyCount "83"]
[EventDate "2002.??.??"]

1. c4 e6 2. d4 Nf6 3. g3 d5 4. Bg2 c5 5. cxd5 exd5 6. Nf3 Nc6 7. O-O Be7 8.
dxc5 Bxc5 9. Bg5 O-O 10. Nc3 d4 11. Bxf6 Qxf6 12. Nd5 Qd8 13. Nd2 Re8 14. Rc1
Bb6 15. Nc4 Bg4 16. Re1 Ba5 17. Nxa5 Qxa5 18. b4 Nxb4 19. Qd2 Nc6 20. Qxa5 Nxa5
21. Nc7 d3 22. exd3 Rxe1+ 23. Rxe1 Rd8 24. d4 Kf8 25. d5 Bd7 26. Bf1 b6 27. Ba6
g6 28. Kg2 Bc8 29. Bxc8 Rxc8 30. d6 Nb7 31. Nb5 Rc5 32. Rb1 a6 33. Nc7 Nxd6 34.
Rxb6 Ne4 35. Rb8+ Kg7 36. Ne8+ Kh6 37. Rb4 f5 38. f3 Rc8 39. fxe4 Rxe8 40. exf5
Re2+ 41. Kf3 Rxa2 42. fxg6 1/2-1/2

[Event "Porz - Forchheim"]
[Site "BL 0203"]
[Date "2002.11.17"]
[Round "4.3"]
[White "Jirovsky, Milos"]
[Black "Sokolov, Ivan"]
[Result "0-1"]
[WhiteElo "2457"]
[BlackElo "2684"]
[PlyCount "104"]
[EventDate "2002.11.17"]

1. Nf3 d5 2. c4 c6 3. d4 Nf6 4. Nc3 dxc4 5. a4 Bf5 6. e3 e6 7. Bxc4 Nbd7 8. O-O
Bb4 9. Qe2 Bg4 10. Rd1 Qa5 11. Bd2 Qh5 12. h3 Bxf3 13. Qxf3 Qxf3 14. gxf3 a5
15. Ne4 Ke7 16. Rac1 Rhd8 17. Bb3 Bxd2 18. Rxd2 Ra6 19. Kf1 Rb6 20. Ba2 Rb4 21.
b3 e5 22. Ng3 g6 23. dxe5 Nxe5 24. Rxd8 Kxd8 25. Ke2 Kc7 26. f4 Ned7 27. Kd3 b6
28. Kc2 Nc5 29. Rd1 Nd5 30. Rd2 f5 31. Rd1 b5 32. h4 bxa4 33. bxa4 Kd6 34. Ne2
Nxa4 35. Bxd5 cxd5 36. Ra1 Rc4+ 37. Kb1 Kc5 38. Nd4 Kb4 39. Ka2 Nc3+ 40. Kb2 a4
41. h5 Rc8 42. hxg6 hxg6 43. Rc1 a3+ 44. Ka1 Kc4 45. Ne2 Kd3 46. Nxc3 Rxc3 47.
Rg1 Ke2 48. Rg2 Kf3 49. Rxg6 Kxf2 50. Rf6 Kxe3 51. Rxf5 d4 52. Rd5 d3 0-1

[Event "Porz - Forchheim"]
[Site "BL 0203"]
[Date "2002.11.17"]
[Round "4.5"]
[White "Bartsch, Berthold"]
[Black "Gurevich, Mikhail"]
[Result "0-1"]
[WhiteElo "2320"]
[BlackElo "2634"]
[PlyCount "117"]
[EventDate "2002.11.17"]

1. e4 e6 2. d3 c5 3. g3 Nc6 4. Bg2 g6 5. Nc3 Bg7 6. Be3 d6 7. Qd2 Rb8 8. f4
Nge7 9. Nf3 Nd4 10. Nd1 b6 11. h4 h5 12. O-O O-O 13. Ng5 f6 14. Nh3 d5 15. Ndf2
Ndc6 16. Qd1 dxe4 17. dxe4 Ba6 18. Re1 Qxd1 19. Rexd1 Rfd8 20. c3 Bh6 21. Bf1
Bxf1 22. Kxf1 f5 23. Ke2 Kf7 24. Rxd8 Rxd8 25. Rd1 Rxd1 26. Kxd1 fxe4 27. Nxe4
Nf5 28. Bd2 Na5 29. Ke2 Nc4 30. Bc1 Ke7 31. Kf3 e5 32. b3 Na5 33. Bb2 Nc6 34.
Bc1 Kd7 35. Bd2 Bg7 36. Be1 exf4 37. Nxf4 Ne5+ 38. Ke2 Bh6 39. Bd2 c4 40. bxc4
Nxc4 41. Nxg6 Nxd2 42. Nxd2 Nxg3+ 43. Kd3 Bxd2 44. Kxd2 Ke6 45. Ke3 Kf5 46.
Ne7+ Kg4 47. Nc8 Kxh4 48. Nxa7 Kg4 49. Nc6 h4 50. Ne5+ Kf5 51. Nf3 h3 52. Nh2
Ne4 53. c4 Ng5 54. Nf1 Kg4 55. a3 Nf3 56. a4 Ne5 57. Kd4 Kf4 58. c5 Nf3+ 59.
Kd3 0-1

[Event "Porz - Forchheim"]
[Site "BL 0203"]
[Date "2002.11.17"]
[Round "4.6"]
[White "Hansen, Curt"]
[Black "Zwanzger, Johannes"]
[Result "0-1"]
[WhiteElo "2610"]
[BlackElo "2268"]
[PlyCount "54"]
[EventDate "2002.11.17"]

1. Nf3 c5 2. c4 b6 3. Nc3 Bb7 4. e4 d6 5. d4 cxd4 6. Nxd4 e6 7. g3 Nf6 8. Bg2
a6 9. O-O Qc7 10. Qe2 Be7 11. b3 O-O 12. Bb2 Nbd7 13. Rad1 Rfe8 14. f4 Bf8 15.
Kh1 Rac8 16. Nf3 Nc5 17. e5 Nfe4 18. Nxe4 Nxe4 19. exd6 Bxd6 20. Ne5 Nf6 21.
Rd3 Rcd8 22. Rfd1 Bxg2+ 23. Qxg2 Bc5 24. a4 h6 25. Qf3 Rxd3 26. Rxd3 Rd8 27.
Qc6 Qxc6+ 0-1

[Event "Porz - Forchheim"]
[Site "BL 0203"]
[Date "2002.11.17"]
[Round "4.7"]
[White "Niedermaier, Hans"]
[Black "Graf, Alexander"]
[Result "0-1"]
[WhiteElo "2271"]
[BlackElo "2635"]
[PlyCount "96"]
[EventDate "2002.11.17"]

1. e4 c5 2. Nf3 e6 3. d4 cxd4 4. Nxd4 Nf6 5. Nc3 d6 6. g4 a6 7. h4 Nc6 8. g5
Nd7 9. Be3 Nxd4 10. Qxd4 b5 11. a3 Ne5 12. Be2 Bb7 13. O-O-O Rc8 14. h5 Nc6 15.
Qb6 Qxb6 16. Bxb6 Be7 17. f4 b4 18. axb4 Nxb4 19. Rhg1 Bxe4 20. Bxa6 Rxc3 21.
Bb5+ Rc6 22. Rd4 d5 23. Rxb4 Bxb4 24. Bxc6+ Ke7 25. c3 Bd6 26. Be3 h6 27. Ba4
Ra8 28. b3 d4 29. cxd4 Rc8+ 30. Kd1 Bf3+ 31. Ke1 Rc2 32. Bd2 hxg5 33. fxg5 Bxh5
34. Bb5 Bf3 35. Kf2 Bd5 36. Ke3 Bxb3 37. Bd3 Ra2 38. Rb1 Bd5 39. Rc1 g6 40. Rb1
Kf8 41. Bb4 Bxb4 42. Rxb4 Rh2 43. Kf4 Kg7 44. Ra4 Rf2+ 45. Kg4 Rd2 46. Ra3 Rg2+
47. Kf4 Rf2+ 48. Kg4 Rf3 0-1

[Event "Porz - Forchheim"]
[Site "BL 0203"]
[Date "2002.11.17"]
[Round "4.8"]
[White "Van der Doel, Erik"]
[Black "Bade, Joern"]
[Result "1-0"]
[WhiteElo "2594"]
[BlackElo "2267"]
[PlyCount "111"]
[EventDate "2002.11.17"]

1. e4 c5 2. Nf3 Nc6 3. d4 cxd4 4. Nxd4 Nf6 5. Nc3 e5 6. Ndb5 d6 7. Bg5 a6 8.
Na3 b5 9. Bxf6 gxf6 10. Nd5 f5 11. Bd3 Be6 12. O-O Bxd5 13. exd5 Ne7 14. c3 Bg7
15. Qh5 e4 16. Bc2 O-O 17. Rae1 Qc8 18. Bb3 a5 19. Nxb5 a4 20. Bd1 Qc5 21. Nd4
Qxd5 22. Qg5 Qe5 23. f3 f4 24. Qh4 f5 25. g4 Ng6 26. Qh3 fxg4 27. Qxg4 e3 28.
Bc2 Rf6 29. Re2 a3 30. b4 Qe8 31. Rg2 Ra7 32. b5 d5 33. Qh5 Rd6 34. Bd3 Bxd4
35. cxd4 Rg7 36. Kh1 Qd8 37. Rc1 Kh8 38. Qh3 Qd7 39. Rc8+ Rg8 40. Qxd7 Rxd7 41.
Rxg8+ Kxg8 42. Rc2 Rb7 43. Rc6 Kf7 44. Kg1 Nh4 45. Be2 Nf5 46. b6 Rb8 47. Rc7+
Ke6 48. b7 Nxd4 49. Kf1 Nxe2 50. Kxe2 h5 51. h4 Kd6 52. Rf7 Ke5 53. Kd3 Re8 54.
Re7+ Rxe7 55. b8=Q+ Kf6 56. Qxf4+ 1-0

[Event "Godesberg - Tegernsee"]
[Site "BL 0203"]
[Date "2002.11.17"]
[Round "4.1"]
[White "Khenkin, Igor"]
[Black "Breder, Dennis"]
[Result "1/2-1/2"]
[WhiteElo "2603"]
[BlackElo "2440"]
[PlyCount "44"]
[EventDate "2002.11.17"]

1. d4 Nf6 2. c4 e6 3. Nf3 b6 4. a3 Bb7 5. Nc3 d5 6. cxd5 Nxd5 7. e3 g6 8. Bb5+
c6 9. Ba4 Bg7 10. O-O O-O 11. e4 Nxc3 12. bxc3 c5 13. Re1 Nc6 14. Bg5 Qd6 15.
Qd2 cxd4 16. Bxc6 Qxc6 17. cxd4 Rac8 18. Bh6 f6 19. Rac1 Qd7 20. Bxg7 Kxg7 21.
h4 Rxc1 22. Rxc1 Rc8 1/2-1/2

[Event "Godesberg - Tegernsee"]
[Site "BL 0203"]
[Date "2002.11.17"]
[Round "4.2"]
[White "Sprenger, Jan-Michael"]
[Black "Sokolov, Andrei"]
[Result "1/2-1/2"]
[WhiteElo "2430"]
[BlackElo "2587"]
[PlyCount "99"]
[EventDate "2002.11.17"]

1. d4 Nf6 2. c4 e6 3. g3 d5 4. Bg2 Bb4+ 5. Bd2 Be7 6. Nf3 O-O 7. O-O c6 8. Qc2
b6 9. Rd1 Nbd7 10. Bf4 Bb7 11. Nc3 dxc4 12. Nd2 Nd5 13. Nxc4 Nxf4 14. gxf4 Nf6
15. e3 Nd5 16. Rac1 Rc8 17. Ne5 f6 18. Nd3 Bd6 19. Qa4 Bb8 20. Ne4 Qe8 21. Rc2
g5 22. Ng3 gxf4 23. Nxf4 Bxf4 24. exf4 Qd7 25. Bxd5 Qxd5 26. Qc4 Rfd8 27. f5 c5
28. Qxd5 exd5 29. Re2 Kf7 30. Re6 cxd4 31. Rxd4 Rc1+ 32. Kg2 Rc4 33. Rd3 Re8
34. Rxe8 Kxe8 35. Rd2 Kf7 36. Kf3 Rh4 37. Rc2 Rc4 38. Rxc4 dxc4+ 39. Ke3 Ke7
40. Kd4 Kd6 41. Nh5 Bc8 42. Nxf6 Bxf5 43. Ne8+ Kd7 44. Nf6+ Kd6 45. f4 Bb1 46.
a3 Ke6 47. Nd5 h5 48. Ne3 b5 49. Kc5 Bd3 50. Kd4 1/2-1/2

[Event "Godesberg - Tegernsee"]
[Site "BL 0203"]
[Date "2002.11.17"]
[Round "4.3"]
[White "Ribli, Zoltan"]
[Black "Langheinrich, Ferenc"]
[Result "1/2-1/2"]
[WhiteElo "2574"]
[BlackElo "2363"]
[PlyCount "35"]
[EventDate "2002.11.17"]

1. Nf3 Nf6 2. c4 g6 3. g3 Bg7 4. Bg2 O-O 5. d4 d6 6. O-O Nc6 7. Nc3 a6 8. Re1
Rb8 9. Rb1 Na5 10. Qd3 b5 11. cxb5 d5 12. Ra1 axb5 13. Ne5 Bf5 14. Qd1 c5 15.
dxc5 d4 16. Nb1 Qc7 17. Nf3 e5 18. e3 1/2-1/2